000 00450nam a2200193Ia 4500
005 20250423100534.0
008 250422s9999 xx 000 0 und d
020 _a9780128102145
050 _aQK 861 .H45/
100 _aHeldt, Hans-Walter
245 0 _aPlant biochemistry
250 _a4th ed.
260 _aLondon
260 _bAcademic Press
260 _c2011
300 _a622 p
650 _a Botanical chemistry.
942 _cBK
999 _c33613
_d33613